Intrinsic hand muscles - Statistics

General Stats
  • This quiz has been taken 18 times
  • The average score is 7 of 11
Answer Stats
Hint Answer % Correct
Thenar Flexor pollicis brevis
100%
Hypothenar Abductor digiti minimi
75%
Thenar Abductor pollicis brevis
75%
Hypothenar Flexor digiti minimi brevis
75%
MCP flexion , IP extension Lumbricals
75%
Hypothenar Opponens digiti minimi
75%
Thenar Opponens pollicis
75%
Thenar Adductor pollicis
50%
MCP abd/flexion , IP extension Dorsal interossei
50%
Tightens grip Palmaris brevis
50%
MCP add/flexion , IP extension Palmar interossei
25%
No matching quizzes found
Score Distribution
Percent of People with Each Score
Percentile by Number Answered
Your Score History
You have not taken this quiz